[Event "Rated Blitz game"]
[Site "?"]
[Date "2021.10.23"]
[Round "?"]
[White "MagnusCarlsoston"]
[Black "Mancillamenor"]
[Result "0-1"]
[WhiteElo "2444"]
[BlackElo "2310"]
[PlyCount "108"]
[EventDate "2021.??.??"]
[EventType "blitz"]

1. e4 e5 2. Nf3 d5 3. Nxe5 Bd6 4. d4 dxe4 5. Bc4 Bxe5 6. dxe5 Qxd1+ 7. Kxd1
Bg4+ 8. Be2 Bxe2+ 9. Kxe2 Nc6 10. Rd1 Nge7 11. Nc3 Nxe5 12. Bf4 N7c6 13. Nxe4
O-O 14. f3 Rfe8 15. Kf2 Rad8 16. b3 f6 17. Nc5 b6 18. Na6 Rxd1 19. Rxd1 Re7 20.
c3 Kf7 21. a4 h5 22. Nb4 Nxb4 23. cxb4 g5 24. Bxe5 Rxe5 25. Rd7+ Re7 26. Rd8
Ke6 27. b5 Rd7 28. Re8+ Kd6 29. Rf8 Ke5 30. Ke3 c6 31. bxc6 Rc7 32. Re8+ Kf5
33. g4+ hxg4 34. fxg4+ Kxg4 35. Ra8 Rxc6 36. Rxa7 Rc3+ 37. Kd4 Rxb3 38. Rb7
Rb4+ 39. Ke3 Rxa4 40. Rxb6 Ra2 41. Rxf6 Rxh2 42. Rg6 Ra2 43. Rg8 Ra3+ 44. Kf2
Ra5 45. Kg1 Kg3 46. Rc8 g4 47. Rc3+ Kh4 48. Rc1 g3 49. Rf1 Kh3 50. Re1 Ra2 51.
Rd1 Rh2 52. Rd8 Rg2+ 53. Kh1 Ra2 54. Kg1 Ra1+ {Normal} 0-1

[Event "Rated Blitz game"]
[Site "?"]
[Date "2021.10.23"]
[Round "?"]
[White "Rsmon54Terrible"]
[Black "artsportscience"]
[Result "0-1"]
[WhiteElo "2411"]
[BlackElo "2380"]
[PlyCount "98"]
[EventDate "2021.??.??"]
[EventType "blitz"]

1. e4 e5 2. Nf3 d5 3. Nxe5 Bd6 4. d4 dxe4 5. Bc4 Bxe5 6. dxe5 Qxd1+ 7. Kxd1 Nc6
8. Bf4 Nge7 9. Nd2 Bf5 10. f3 exf3 11. Nxf3 O-O-O+ 12. Ke1 Bxc2 13. Bxf7 Nd5
14. Bxd5 Rxd5 15. Kf2 Rf8 16. g3 Nxe5 17. Nxe5 Rxe5 18. Rac1 g5 19. Rxc2 gxf4
20. Rhc1 fxg3+ 21. Kxg3 c6 22. Rd2 Rg5+ 23. Kh3 Rf6 24. Rc4 Rh6+ 25. Rh4 Rxh4+
26. Kxh4 Rd5 27. Rf2 Kc7 28. Kg3 b5 29. h4 a5 30. Kg4 c5 31. Rf7+ Rd7 32. Rf6
a4 33. Kh5 Rd5+ 34. Kh6 Rd6 35. Rxd6 Kxd6 36. Kxh7 b4 37. Kg6 c4 38. h5 c3 39.
bxc3 bxc3 40. h6 c2 41. h7 c1=Q 42. h8=Q Qg1+ 43. Kf5 Qf2+ 44. Kg4 Qxa2 45.
Qf8+ Kd7 46. Qf5+ Qe6 47. Qxe6+ Kxe6 48. Kf4 a3 49. Ke4 a2 {Normal} 0-1

[Event "Rated Blitz game"]
[Site "?"]
[Date "2021.10.23"]
[Round "?"]
[White "micfel"]
[Black "Dzon_Vejn"]
[Result "0-1"]
[WhiteElo "2477"]
[BlackElo "2517"]
[PlyCount "80"]
[EventDate "2021.??.??"]
[EventType "blitz"]

1. e4 e5 2. Nf3 d5 3. Nxe5 Bd6 4. d4 dxe4 5. Nc4 Be7 6. Nc3 Nf6 7. Bg5 Bf5 8.
Ne3 Bg6 9. h4 h6 10. Bxf6 Bxf6 11. h5 Bh7 12. Ncd5 c6 13. Nxf6+ Qxf6 14. Bc4
Nd7 15. Qg4 Rd8 16. c3 O-O 17. Qg3 Nb6 18. Bb3 Nd5 19. O-O-O a5 20. Rh4 b5 21.
Bxd5 cxd5 22. Rf4 Qe6 23. Ng4 Kh8 24. Ne5 b4 25. cxb4 axb4 26. Qg4 Qe7 27. Kb1
Rc8 28. Rxf7 e3+ 29. Ka1 Qg5 30. Qxg5 hxg5 31. fxe3 Rxf7 32. Nxf7+ Kg8 33. Nxg5
Bf5 34. Nf3 Be4 35. Ne5 Rc2 36. g4 Re2 37. Rc1 Kh7 38. b3 Rxe3 39. Rc7 Re1+ 40.
Kb2 Rb1# {Normal} 0-1

[Event "Rated Blitz tournament autumn21"]
[Site "?"]
[Date "2021.10.23"]
[Round "?"]
[White "Taktychenko"]
[Black "Artem_0degov"]
[Result "1-0"]
[WhiteElo "2499"]
[BlackElo "2525"]
[PlyCount "75"]
[EventDate "2021.??.??"]
[EventType "blitz"]

1. e4 e5 2. Nf3 d5 3. exd5 e4 4. Qe2 Nf6 5. d3 Bb4+ 6. Bd2 O-O 7. dxe4 Re8 8.
e5 Nxd5 9. Bxb4 Nxb4 10. Nc3 N8c6 11. a3 Nd5 12. Rd1 Be6 13. Qb5 Nxc3 14. Rxd8
Nxb5 15. Rxe8+ Rxe8 16. Bxb5 Bd7 17. O-O Nxe5 18. Bxd7 Nxd7 19. Rd1 Nf6 20. Kf1
Kf8 21. Rd3 c6 22. b4 h6 23. c4 Ke7 24. Re3+ Kd7 25. Rxe8 Kxe8 26. Ke2 Kd7 27.
Kd3 b6 28. Ne5+ Ke6 29. Nxc6 Ng4 30. f3 Nxh2 31. Ke2 g5 32. Nxa7 h5 33. a4 g4
34. a5 bxa5 35. bxa5 Kd6 36. a6 Kc7 37. Nb5+ Kb6 38. a7 {Normal} 1-0

[Event "Rated Blitz tournament autumn21"]
[Site "?"]
[Date "2021.10.23"]
[Round "?"]
[White "Kimuel_Aaron_Lorenzo"]
[Black "MischieviousPawn"]
[Result "1-0"]
[WhiteElo "2557"]
[BlackElo "2379"]
[PlyCount "127"]
[EventDate "2021.??.??"]
[EventType "blitz"]

1. e4 e5 2. Nf3 d5 3. Nxe5 Bd6 4. d4 dxe4 5. Nc3 Bxe5 6. dxe5 Qxd1+ 7. Kxd1 Nc6
8. Nxe4 Bg4+ 9. f3 O-O-O+ 10. Bd3 Bf5 11. Ke1 Nxe5 12. Nd6+ Rxd6 13. Bxf5+ Kb8
14. Bf4 Nh6 15. Bxh6 gxh6 16. Rd1 Rf6 17. Be4 Re8 18. Kd2 Nc4+ 19. Kc1 Ne3 20.
Rd2 Ra6 21. a3 f5 22. Bd3 Rae6 23. Re2 c6 24. Kd2 f4 25. Rg1 Nd5 26. Rxe6 Rxe6
27. Bxh7 Rd6 28. Bd3 h5 29. g3 Kc7 30. g4 h4 31. g5 Rd7 32. g6 Rg7 33. c4 Ne7
34. Rg4 Kd6 35. Rxf4 Nxg6 36. Rg4 Rf7 37. Rxg6+ Ke5 38. Be4 Kd4 39. Rd6+ Kxc4
40. Rh6 Kb3 41. Rxh4 Kxb2 42. a4 a5 43. Rh5 Rd7+ 44. Ke3 Kb3 45. Rxa5 Rc7 46.
Ra8 c5 47. h4 c4 48. h5 c3 49. Rb8 c2 50. Bxc2+ Kxc2 51. a5 Kb3 52. f4 Ka4 53.
Ke4 Kxa5 54. Kf5 b5 55. h6 Rc5+ 56. Kg6 Rc7 57. h7 Rc6+ 58. Kg5 Rc7 59. h8=Q
Rc5+ 60. f5 Kb4 61. Qd4+ Rc4 62. Qd2+ Kb3 63. Rxb5+ Ka4 64. Qa5# {Normal} 1-0

[Event "Rated Blitz game"]
[Site "?"]
[Date "2021.10.23"]
[Round "?"]
[White "PurgeDota"]
[Black "Dzon_Vejn"]
[Result "0-1"]
[WhiteElo "2353"]
[BlackElo "2495"]
[PlyCount "98"]
[EventDate "2021.??.??"]
[EventType "blitz"]

1. e4 e5 2. Nf3 d5 3. Nc3 dxe4 4. Nxe5 Nf6 5. Bc4 Be6 6. Bxe6 fxe6 7. Nc4 Nbd7
8. d3 exd3 9. Qxd3 Nb6 10. Qxd8+ Rxd8 11. Na5 Bb4 12. Nb3 Nfd5 13. Bd2 Nc4 14.
O-O-O Nxd2 15. Rxd2 Nxc3 16. Rxd8+ Kxd8 17. bxc3 Bxc3 18. Nc5 Ke7 19. Rd1 Rd8
20. Rxd8 Kxd8 21. Nxb7+ Ke7 22. Nc5 Be5 23. h3 Bd6 24. Ne4 Be5 25. Kd2 h6 26.
Kd3 Kd7 27. Kc4 Kc6 28. a4 Bd6 29. f3 Be7 30. Nd2 Bf6 31. Nb3 a6 32. Nc5 a5 33.
Nxe6 Kd6 34. Nd4 c6 35. Nb3 Bd8 36. Nc5 Bb6 37. Nd3 Ke6 38. Nc5+ Kd6 39. Ne4+
Ke5 40. Kd3 h5 41. c4 Kf4 42. Ke2 h4 43. Nd6 Ke5 44. Ne4 Kd4 45. Kd2 Kxc4 46.
Ng5 Bd4 47. Ne6 Bf6 48. Kc2 Kb4 49. Nf4 Kxa4 {Normal} 0-1

[Event "Rated Blitz tournament autumn21"]
[Site "?"]
[Date "2021.10.23"]
[Round "?"]
[White "I5yardPenalty2ndDown"]
[Black "Artem_0degov"]
[Result "0-1"]
[WhiteElo "2214"]
[BlackElo "2490"]
[PlyCount "72"]
[EventDate "2021.??.??"]
[EventType "blitz"]

1. e4 e5 2. Nf3 d5 3. exd5 e4 4. Qe2 Nf6 5. d3 Bb4+ 6. Nfd2 O-O 7. dxe4 Nxe4 8.
c3 Nxd2 9. Bxd2 Re8 10. Be3 Bc5 11. Nd2 Bxe3 12. fxe3 Qxd5 13. O-O-O Qxa2 14.
e4 Nc6 15. Qc4 Qxc4 16. Bxc4 Be6 17. Bxe6 Rxe6 18. Rhf1 Rae8 19. Rf3 f6 20. Rd3
Ne5 21. Rd4 Kf7 22. Nf3 Nc6 23. Rd7+ R8e7 24. Rxe7+ Rxe7 25. Re1 Ne5 26. Nxe5+
Rxe5 27. Kd2 Ke7 28. Kd3 f5 29. Kd4 Rxe4+ 30. Rxe4+ fxe4 31. Kxe4 Ke6 32. Kd4
b6 33. Kc4 c6 34. Kd4 a5 35. Kc4 Kd6 36. b4 axb4 {Normal} 0-1

[Event "Rated Blitz game"]
[Site "?"]
[Date "2021.10.23"]
[Round "?"]
[White "MicFed"]
[Black "RCompany_1"]
[Result "1-0"]
[WhiteElo "2423"]
[BlackElo "2401"]
[PlyCount "37"]
[EventDate "2021.??.??"]
[EventType "blitz"]

1. e4 e5 2. Nf3 d5 3. exd5 e4 4. Qe2 Nf6 5. Nc3 Be7 6. Nxe4 Nxd5 7. g3 O-O 8.
Bg2 Re8 9. O-O f5 10. Nc3 Nb4 11. d4 N8c6 12. a3 Nd5 13. Nxd5 Qxd5 14. Ne5 Qxd4
15. Nxc6 bxc6 16. Bxc6 Bd7 17. Bxa8 Bc5 18. Qf3 c6 19. Be3 {Normal} 1-0

[Event "Rated Blitz game"]
[Site "?"]
[Date "2021.10.23"]
[Round "?"]
[White "Ma-Tei"]
[Black "alaeldin1212"]
[Result "0-1"]
[WhiteElo "2472"]
[BlackElo "2399"]
[PlyCount "84"]
[EventDate "2021.??.??"]
[EventType "blitz"]

1. e4 e5 2. Nf3 d5 3. exd5 e4 4. Ne5 Qxd5 5. d4 exd3 6. Nxd3 Nf6 7. Nc3 Qd8 8.
Be2 Be7 9. O-O Nc6 10. Be3 O-O 11. Re1 Bf5 12. Nc5 Bxc5 13. Bxc5 Re8 14. Bf3
Qxd1 15. Raxd1 Bxc2 16. Rxe8+ Rxe8 17. Bxc6 bxc6 18. Rc1 a6 19. f3 Bf5 20. g4
Be6 21. Kf2 Rd8 22. Rc2 h6 23. b3 Rd7 24. Na4 Rd3 25. Be7 Bd5 26. Rc3 Rd2+ 27.
Kg3 Rxa2 28. Bd8 Ra3 29. Nc5 Ne8 30. Re3 Nd6 31. Bxc7 Nb5 32. Be5 f6 33. Bb2
Ra2 34. Re2 Kh7 35. Rd2 a5 36. h4 Na3 37. h5 Nb1 38. Re2 Nc3 39. Re8 Rxb2 40.
Nd7 Ne2+ 41. Kh4 g5+ 42. Kh3 Nf4+ {Normal} 0-1

[Event "Rated Blitz game"]
[Site "?"]
[Date "2021.10.23"]
[Round "?"]
[White "MIDOGM"]
[Black "barry-allen"]
[Result "1-0"]
[WhiteElo "2513"]
[BlackElo "2333"]
[PlyCount "43"]
[EventDate "2021.??.??"]
[EventType "blitz"]

1. e4 e5 2. Nf3 d5 3. exd5 e4 4. Qe2 Nf6 5. d3 Qxd5 6. Nbd2 Nc6 7. dxe4 Qa5 8.
c3 a6 9. e5 Ng4 10. Nb3 Qd5 11. Bf4 Be6 12. Rd1 Qb5 13. h3 Nh6 14. Qxb5 axb5
15. Bxb5 Rxa2 16. Nbd4 Bd7 17. b4 Nxd4 18. Nxd4 Bxb5 19. Nxb5 Rc2 20. Nxc7+ Ke7
21. Be3 Nf5 22. Bc5+ {Normal} 1-0

[Event "Rated Blitz tournament autumn21"]
[Site "?"]
[Date "2021.10.23"]
[Round "?"]
[White "Taktychenko"]
[Black "MischieviousPawn"]
[Result "0-1"]
[WhiteElo "2400"]
[BlackElo "2373"]
[PlyCount "74"]
[EventDate "2021.??.??"]
[EventType "blitz"]

1. e4 e5 2. Nf3 d5 3. exd5 e4 4. Qe2 Nf6 5. d3 Qxd5 6. Nc3 Qa5 7. dxe4 Nc6 8.
Bd2 Bb4 9. a3 Bg4 10. O-O-O O-O-O 11. axb4 Nxb4 12. Qc4 Qa1+ 13. Nb1 Na2+ 14.
Qxa2 Qxa2 15. Bd3 Rd6 16. h3 Bxf3 17. gxf3 Rxd3 18. cxd3 Qb3 19. Bc3 Rd8 20.
Rhg1 Ne8 21. d4 g6 22. e5 Ng7 23. Nd2 Qa2 24. Ne4 Nf5 25. Ng3 Qa1+ 26. Kc2 Qa4+
27. Kb1 Nxd4 28. Bxd4 Rxd4 29. Rxd4 Qxd4 30. Ne4 Qd3+ 31. Ka1 Qxf3 32. Nf6 Qxf2
33. Rd1 h5 34. Rd7 b6 35. Rxf7 Qe1+ 36. Ka2 Qxe5 37. h4 Qe6+ {Normal} 0-1

[Event "Rated Blitz tournament autumn21"]
[Site "?"]
[Date "2021.10.23"]
[Round "?"]
[White "Archimboldi"]
[Black "Maltinho"]
[Result "0-1"]
[WhiteElo "2214"]
[BlackElo "2572"]
[PlyCount "66"]
[EventDate "2021.??.??"]
[EventType "blitz"]

1. e4 e5 2. Nf3 d5 3. exd5 Bd6 4. d4 e4 5. Ne5 Nf6 6. f4 exf3 7. Nxf3 O-O 8.
Be2 Nxd5 9. c4 Nf4 10. c5 Nxe2 11. Kxe2 Re8+ 12. Kf2 Bf8 13. Bg5 f6 14. Bf4 Be6
15. Nc3 c6 16. Re1 Bf7 17. Qd2 Na6 18. Rxe8 Qxe8 19. Re1 Qd7 20. Ne4 Re8 21.
Nd6 Bxd6 22. Bxd6 Bxa2 23. Rxe8+ Qxe8 24. Qf4 Nb4 25. Kg3 Nd5 26. Qg4 Bb1 27.
h4 h5 28. Qh3 Be4 29. Kh2 Qg6 30. Qg3 Qf5 31. Bb8 Bxf3 32. Qxf3 Qxf3 33. gxf3
a6 {Normal} 0-1

[Event "Rated Blitz tournament autumn21"]
[Site "?"]
[Date "2021.10.23"]
[Round "?"]
[White "hacheg"]
[Black "vovaches"]
[Result "0-1"]
[WhiteElo "2207"]
[BlackElo "2475"]
[PlyCount "114"]
[EventDate "2021.??.??"]
[EventType "blitz"]

1. e4 e5 2. Nf3 d5 3. Nxe5 Bd6 4. d4 dxe4 5. f4 exf3 6. Qxf3 Nf6 7. Bc4 O-O 8.
Bg5 Nbd7 9. Nc3 Bxe5 10. dxe5 Nxe5 11. Qf4 Nxc4 12. Qxc4 Be6 13. Qh4 h6 14.
Bxf6 Qxf6 15. Qxf6 gxf6 16. O-O Kg7 17. Ne4 f5 18. Nc5 b6 19. Nd3 Rad8 20. Rf2
Rd4 21. Raf1 Rfd8 22. h3 R8d7 23. Ne5 R7d5 24. Nf3 Ra4 25. a3 Rb5 26. c3 Re4
27. Nd4 Rd5 28. Nxf5+ Bxf5 29. Rxf5 Rxf5 30. Rxf5 Re2 31. Rf2 Rxf2 32. Kxf2 Kf6
33. Ke3 Ke5 34. c4 a5 35. b4 axb4 36. axb4 c5 37. b5 h5 38. g4 hxg4 39. hxg4 f6
40. Kf3 Kd4 41. Kf4 Kxc4 42. Kf5 Kxb5 43. Kxf6 c4 44. g5 c3 45. g6 c2 46. g7
c1=Q 47. g8=Q Qf4+ 48. Ke7 Qe5+ 49. Kd7 Qd4+ 50. Ke8 Qd6 51. Qb3+ Qb4 52. Qd3+
Qc4 53. Qb1+ Ka6 54. Qa1+ Kb7 55. Qh1+ Qc6+ 56. Qxc6+ Kxc6 57. Ke7 b5 {Normal}
0-1

[Event "Rated Blitz tournament autumn21"]
[Site "?"]
[Date "2021.10.23"]
[Round "?"]
[White "VariantsOnly"]
[Black "matanant"]
[Result "0-1"]
[WhiteElo "2615"]
[BlackElo "2201"]
[PlyCount "98"]
[EventDate "2021.??.??"]
[EventType "blitz"]

1. e4 e5 2. Nf3 d5 3. Nxe5 Bd6 4. d4 dxe4 5. Bc4 Bxe5 6. Qh5 Qe7 7. dxe5 Be6 8.
Bxe6 Qxe6 9. Nc3 Nc6 10. Nxe4 Qxe5 11. Qxe5+ Nxe5 12. O-O O-O-O 13. b3 h6 14.
Bb2 f6 15. Bxe5 fxe5 16. Rfe1 Nf6 17. Ng3 Rhe8 18. Re2 h5 19. Rae1 h4 20. Nf5
e4 21. Nxh4 Re5 22. Ng6 Rg5 23. Nf4 Rf5 24. g3 g5 25. Ne6 Rd6 26. Nc5 Rxc5 27.
Kg2 g4 28. h3 gxh3+ 29. Kxh3 Rdc6 30. Kg2 Rxc2 31. Rxc2 Rxc2 32. g4 Nxg4 33.
Rxe4 Nxf2 34. Re8+ Kd7 35. Rh8 Nd3+ 36. Kf3 Nc1 37. Ke4 Nxa2 38. Kd5 Rd2+ 39.
Kc5 b6+ 40. Kb5 Rd5+ 41. Ka6 Ra5+ 42. Kb7 Nb4 43. Rh4 Nd5 44. Rh8 Kd6 45. Ka8
Kc5 46. Rd8 a6 47. Kb7 c6 48. b4+ Nxb4 49. Rh8 Kb5 {Time forfeit} 0-1

[Event "Rated Blitz tournament autumn21"]
[Site "?"]
[Date "2021.10.23"]
[Round "?"]
[White "Korel"]
[Black "MischieviousPawn"]
[Result "0-1"]
[WhiteElo "2212"]
[BlackElo "2472"]
[PlyCount "128"]
[EventDate "2021.??.??"]
[EventType "blitz"]

1. e4 e5 2. Nf3 d5 3. exd5 e4 4. Nd4 Nf6 5. c4 c6 6. Nc3 Bb4 7. Qb3 Bxc3 8.
dxc3 cxd5 9. cxd5 O-O 10. c4 Bd7 11. Be3 Na6 12. Be2 Nc5 13. Qc2 Qa5+ 14. Qd2
Qd8 15. Nb3 Nxb3 16. axb3 a6 17. O-O Re8 18. Bg5 h6 19. Bh4 g5 20. Bg3 Bf5 21.
Qc3 Nd7 22. Rfe1 Qf6 23. f3 Qg6 24. fxe4 Bxe4 25. Bg4 f5 26. Bf3 f4 27. Bf2 Nf6
28. Bd4 Bxf3 29. Qxf3 Ne4 30. Bc3 Qf5 31. Qd3 g4 32. Qd4 Qg6 33. Rxe4 Rxe4 34.
Qh8+ Kf7 35. Qxa8 f3 36. Qxb7+ Ke8 37. Qc8+ Kf7 38. Qd7+ Kf8 39. Bb4+ Kg8 40.
Qc8+ Re8 41. Qc6 Qe4 42. Qxh6 Qd4+ 43. Kh1 f2 44. Qg6+ Qg7 45. Qxe8+ Kh7 46.
Qh5+ Kg8 47. Qe8+ Kh7 48. Qe4+ Kg8 49. Qf4 Qf7 50. Qxf7+ Kxf7 51. g3 Kg6 52.
Kg2 Kf5 53. Kf1 Ke4 54. Kxf2 Kd3 55. Kg2 Kc2 56. h3 Kxb3 57. hxg4 Kxc4 58. g5
Kb5 59. g6 Kxb4 60. g7 Kb5 61. g8=Q Kb4 62. Qf7 a5 63. Qe6 a4 64. Qc6 a3 {
Time forfeit} 0-1

[Event "Rated Blitz tournament autumn21"]
[Site "?"]
[Date "2021.10.23"]
[Round "?"]
[White "rimac_c2"]
[Black "GuriEmpire"]
[Result "1-0"]
[WhiteElo "2344"]
[BlackElo "2413"]
[PlyCount "25"]
[EventDate "2021.??.??"]
[EventType "blitz"]

1. e4 e5 2. Nf3 d5 3. exd5 e4 4. Ng1 Bc5 5. Nc3 Qh4 6. g3 Qf6 7. Nxe4 Qe5 8.
Qe2 Bb6 9. Nf3 Qe7 10. d6 cxd6 11. Nxd6+ Kd8 12. Qxe7+ Nxe7 13. Nxf7+ {Normal}
1-0

[Event "Rated Blitz tournament autumn21"]
[Site "?"]
[Date "2021.10.23"]
[Round "?"]
[White "V_vs"]
[Black "Artem_0degov"]
[Result "0-1"]
[WhiteElo "2641"]
[BlackElo "2508"]
[PlyCount "32"]
[EventDate "2021.??.??"]
[EventType "blitz"]

1. e4 e5 2. Nf3 d5 3. d4 dxe4 4. Nxe5 Bd6 5. Bc4 Bxe5 6. dxe5 Qxd1+ 7. Kxd1 Nc6
8. Bf4 Bg4+ 9. Kc1 Nge7 10. Re1 Ng6 11. Bg3 Bf5 12. Nc3 Ngxe5 13. Nxe4 O-O-O
14. Bb3 Rhe8 15. Ng5 h6 16. Nf3 Nxf3 {Normal} 0-1

[Event "Rated Blitz tournament autumn21"]
[Site "?"]
[Date "2021.10.23"]
[Round "?"]
[White "Ursus_maritimus-17"]
[Black "MischieviousPawn"]
[Result "1-0"]
[WhiteElo "2579"]
[BlackElo "2311"]
[PlyCount "41"]
[EventDate "2021.??.??"]
[EventType "blitz"]

1. e4 e5 2. Nf3 d5 3. exd5 e4 4. Qe2 Nf6 5. Nc3 Be7 6. Nxe4 O-O 7. Nxf6+ Bxf6
8. d4 Qxd5 9. Be3 Nc6 10. Qc4 Qa5+ 11. c3 Be6 12. Qb5 Rfe8 13. Bd3 Rad8 14. O-O
a6 15. Qxa5 Nxa5 16. Rfe1 b5 17. Bg5 Bxg5 18. Nxg5 Bc4 19. Bxh7+ Kf8 20. Bc2 f6
21. Ne4 {Normal} 1-0

[Event "Rated Blitz tournament autumn21"]
[Site "?"]
[Date "2021.10.23"]
[Round "?"]
[White "jGabriel-Ledezma"]
[Black "Maltinho"]
[Result "0-1"]
[WhiteElo "2474"]
[BlackElo "2522"]
[PlyCount "82"]
[EventDate "2021.??.??"]
[EventType "blitz"]

1. e4 e5 2. Nf3 d5 3. d3 Bd6 4. exd5 Nf6 5. Bg5 O-O 6. Be2 h6 7. Bxf6 Qxf6 8.
Nbd2 Qg6 9. Ne4 f5 10. Nxd6 cxd6 11. Qd2 Nd7 12. O-O Nf6 13. c4 f4 14. Kh1 Qf5
15. b4 g5 16. Ng1 g4 17. Rae1 Bd7 18. Bd1 Rae8 19. Bc2 Qh5 20. g3 Nh7 21. d4
Ng5 22. c5 Bb5 23. Bd3 Bxd3 24. Qxd3 e4 25. Qc2 f3 26. c6 b6 27. a4 Re7 28. b5
Rff7 29. a5 bxa5 30. Ra1 Nh3 31. Rxa5 Rf5 32. c7 Nxg1 33. c8=Q+ Kg7 34. Qxf5
Qxf5 35. Rxg1 Qxd5 36. Qc3 e3 37. b6 Qe4 38. bxa7 exf2 39. a8=Q fxg1=Q+ 40.
Kxg1 Qb1+ 41. Kf2 Re2# {Normal} 0-1

[Event "Rated Blitz game"]
[Site "?"]
[Date "2021.10.23"]
[Round "?"]
[White "strong_player_007"]
[Black "batasjon"]
[Result "1-0"]
[WhiteElo "2490"]
[BlackElo "2496"]
[PlyCount "37"]
[EventDate "2021.??.??"]
[EventType "blitz"]

1. e4 e5 2. Nf3 d5 3. Nxe5 Bd6 4. d4 dxe4 5. Nc3 Nf6 6. Bc4 O-O 7. O-O Nbd7 8.
f4 exf3 9. Nxf3 c5 10. Kh1 Ng4 11. h3 cxd4 12. Nb5 Bb8 13. hxg4 Ne5 14. Nxe5
Qh4+ 15. Kg1 Bxe5 16. Bf4 Bxg4 17. Qe1 Bf6 18. Qxh4 Bxh4 19. Nxd4 {Normal} 1-0

[Event "Rated Blitz tournament autumn21"]
[Site "?"]
[Date "2021.10.23"]
[Round "?"]
[White "Mobelha"]
[Black "vovaches"]
[Result "1-0"]
[WhiteElo "2483"]
[BlackElo "2466"]
[PlyCount "107"]
[EventDate "2021.??.??"]
[EventType "blitz"]

1. e4 e5 2. Nf3 d5 3. exd5 e4 4. Qe2 Nf6 5. Nc3 Be7 6. Nxe4 O-O 7. Nxf6+ Bxf6
8. d4 Re8 9. Be3 Qxd5 10. Qc4 Qh5 11. O-O-O Nc6 12. Be2 Qa5 13. Qb3 Bf5 14. Bd3
Bxd3 15. Rxd3 Nb4 16. Rdd1 Nxa2+ 17. Kb1 Nb4 18. Bd2 Be7 19. c4 Qf5+ 20. Ka1
Nd3 21. Qc2 Qg6 22. Be3 Nb4 23. Qxg6 hxg6 24. Kb1 a5 25. Ne5 Bf6 26. Nd3 Rad8
27. Nxb4 axb4 28. Kc2 c6 29. Kb3 Re4 30. Kxb4 Bxd4 31. Bxd4 Rexd4 32. Rxd4 Rxd4
33. Kc3 Re4 34. Kd3 Rf4 35. f3 b5 36. cxb5 cxb5 37. Rc1 g5 38. Rc5 g4 39. fxg4
Rxg4 40. g3 b4 41. Rc4 Rg6 42. Rxb4 Rh6 43. h4 Rf6 44. Re4 g6 45. b4 Kg7 46. b5
Rf3+ 47. Re3 Rf1 48. Kc4 Rc1+ 49. Rc3 Rb1 50. Rb3 Rc1+ 51. Kb4 f5 52. b6 f4 53.
gxf4 Rf1 54. b7 {Normal} 1-0

[Event "Rated Blitz game"]
[Site "?"]
[Date "2021.10.23"]
[Round "?"]
[White "micfel"]
[Black "Dzon_Vejn"]
[Result "0-1"]
[WhiteElo "2475"]
[BlackElo "2519"]
[PlyCount "106"]
[EventDate "2021.??.??"]
[EventType "blitz"]

1. e4 e5 2. Nf3 d5 3. Nxe5 Bd6 4. d4 dxe4 5. Bf4 Nf6 6. Be2 Nbd7 7. Nd2 O-O 8.
O-O Qe7 9. Ndc4 Re8 10. Bg3 Nd5 11. Qd2 f6 12. Nxd6 cxd6 13. Bc4 N7b6 14. Bxd5+
Nxd5 15. Nc4 Rd8 16. Rae1 b5 17. Ne3 Bb7 18. Qa5 Qd7 19. b3 Nxe3 20. fxe3 a6
21. c4 Rac8 22. Rc1 bxc4 23. bxc4 h6 24. Rb1 Bc6 25. d5 Ba8 26. Rfc1 Bb7 27.
Rb6 Qc7 28. Qb4 Ba8 29. Rxa6 Bxd5 30. c5 Bb7 31. Rxd6 Rxd6 32. Bxd6 Qc6 33. h3
Kh8 34. a4 Ba6 35. a5 Bd3 36. Qb6 Qa4 37. Qb7 Rg8 38. c6 Qa2 39. Bc5 Qe6 40. c7
Ba6 41. Qb6 Qc8 42. Bd4 Kh7 43. Rc6 Bb7 44. Rd6 Re8 45. Bxf6 Kh8 46. Rd8 Kh7
47. Rxc8 Bxc8 48. Bd8 Bd7 49. Qd6 Bc8 50. Qc6 Rg8 51. a6 Kh8 52. a7 Kh7 53.
a8=Q Bb7 {Time forfeit} 0-1

[Event "Rated Blitz game"]
[Site "?"]
[Date "2021.10.23"]
[Round "?"]
[White "io_11"]
[Black "RCompany_1"]
[Result "1-0"]
[WhiteElo "2441"]
[BlackElo "2395"]
[PlyCount "105"]
[EventDate "2021.??.??"]
[EventType "blitz"]

1. e4 e5 2. Nf3 d5 3. exd5 e4 4. Qe2 Nf6 5. Nc3 Be7 6. Nxe4 Nxd5 7. d4 O-O 8.
Bd2 Re8 9. O-O-O f5 10. Nc3 Nxc3 11. Bxc3 Bg5+ 12. Nxg5 Rxe2 13. Bxe2 Qxg5+ 14.
Kb1 Nd7 15. Bc4+ Kf8 16. Bb4+ c5 17. dxc5 a5 18. Ba3 f4 19. c6+ Nc5 20. Rd5
Qxd5 21. Bxd5 b6 22. Re1 Bf5 23. Re5 g6 24. b4 axb4 25. Bxb4 Re8 26. Rxe8+ Kxe8
27. Bxc5 bxc5 28. a4 Kd8 29. a5 Kc7 30. Kb2 Bc8 31. c4 Kd6 32. Kc3 Ba6 33. Kd3
Ke5 34. f3 g5 35. g3 fxg3 36. hxg3 h5 37. Ke2 h4 38. gxh4 gxh4 39. Kf2 Kf4 40.
Kg2 Bc8 41. c7 Ke5 42. f4+ Kxf4 43. a6 Bxa6 44. Be6 Ke5 45. c8=Q Bxc8 46. Bxc8
Kd4 47. Ba6 Kc3 48. Kh3 Kb4 49. Kxh4 Ka5 50. Bb5 Kb4 51. Kg5 Kc3 52. Kf5 Kd4
53. Ke6 {Normal} 1-0

[Event "Rated Blitz tournament autumn21"]
[Site "?"]
[Date "2021.10.23"]
[Round "?"]
[White "NaidichArkasha"]
[Black "Artem_0degov"]
[Result "0-1"]
[WhiteElo "2244"]
[BlackElo "2662"]
[PlyCount "64"]
[EventDate "2021.??.??"]
[EventType "blitz"]

1. e4 e5 2. Nf3 d5 3. exd5 e4 4. Nd4 Qxd5 5. Nb3 Qe5 6. Nc3 Nf6 7. Be2 Bd6 8.
d4 exd3 9. Qxd3 Nc6 10. Qe3 Bf5 11. Qxe5+ Nxe5 12. Be3 Bxc2 13. Nd4 Bg6 14.
O-O-O a6 15. Rhe1 O-O-O 16. f4 Neg4 17. Bd2 Nf2 18. f5 Nxd1 19. fxg6 Nxc3 20.
Bxc3 hxg6 21. h3 Rhe8 22. Rd1 Be5 23. Bf3 c5 24. Ne2 Rxd1+ 25. Kxd1 Bxc3 26.
Nxc3 b5 27. a4 Rd8+ 28. Kc2 b4 29. Ne2 Kc7 30. Nf4 Kd6 31. g4 Ke5 32. Ne2 Nd5 {
Normal} 0-1

[Event "Rated Blitz tournament autumn21"]
[Site "?"]
[Date "2021.10.23"]
[Round "?"]
[White "Nishalma"]
[Black "Frutek"]
[Result "0-1"]
[WhiteElo "2244"]
[BlackElo "2458"]
[PlyCount "32"]
[EventDate "2021.??.??"]
[EventType "blitz"]

1. e4 e5 2. Nf3 d5 3. d3 dxe4 4. dxe4 Qxd1+ 5. Kxd1 Bg4 6. c3 Nc6 7. Kc2 O-O-O
8. Be3 f5 9. exf5 e4 10. Nd4 Nxd4+ 11. Bxd4 Bxf5 12. Be3 Nf6 13. h3 Nd5 14. Bg5
Be7 15. Bxe7 Nxe7 16. Nd2 e3+ {Normal} 0-1

[Event "Rated Blitz game"]
[Site "?"]
[Date "2021.10.23"]
[Round "?"]
[White "MatanLuka"]
[Black "barry-allen"]
[Result "1-0"]
[WhiteElo "2482"]
[BlackElo "2347"]
[PlyCount "63"]
[EventDate "2021.??.??"]
[EventType "blitz"]

1. e4 e5 2. Nf3 d5 3. Nxe5 Bd6 4. d4 dxe4 5. Nc4 Nf6 6. Nc3 Qe7 7. Bg5 c6 8.
Qd2 O-O 9. O-O-O b5 10. Ne3 a5 11. Kb1 Be6 12. d5 cxd5 13. Ncxd5 Bxd5 14. Nxd5
Qe6 15. Nxf6+ gxf6 16. Qxd6 Qxd6 17. Rxd6 fxg5 18. Bxb5 Ra7 19. Rhd1 Re7 20.
Rd8 e3 21. fxe3 Rxe3 22. a4 Kg7 23. Rxf8 Kxf8 24. Rd8+ Ke7 25. Rxb8 Re1+ 26.
Ka2 Rg1 27. Bc6 f5 28. Rb5 Kf6 29. Rxa5 f4 30. Bf3 Rf1 31. h3 Rf2 32. Rc5 {
Normal} 1-0

[Event "Rated Blitz tournament autumn21"]
[Site "?"]
[Date "2021.10.23"]
[Round "?"]
[White "Ragehunter"]
[Black "Artem_0degov"]
[Result "0-1"]
[WhiteElo "2559"]
[BlackElo "2513"]
[PlyCount "54"]
[EventDate "2021.??.??"]
[EventType "blitz"]

1. e4 e5 2. Nf3 d5 3. exd5 e4 4. Qe2 Nf6 5. d3 Bb4+ 6. c3 O-O 7. dxe4 Bd6 8.
Bg5 Re8 9. Nbd2 h6 10. Bxf6 Qxf6 11. O-O-O c6 12. Nc4 Bf4+ 13. Kb1 Rxe4 14.
Qxe4 Bf5 15. Qxf5 Qxf5+ 16. Bd3 Qf6 17. d6 b5 18. Na5 Bxd6 19. Be4 Bc7 20. Nb7
a5 21. Rhe1 b4 22. c4 Na6 23. Rd7 Re8 24. Kc2 g6 25. h4 a4 26. h5 gxh5 27. Re3
a3 {Normal} 0-1